000 00378nam a2200181Ia 4500
001 1469
003 GE_BSU
008 181216s||||||||xx |||||||||||||| ||und||
020 _a2718191813
040 _cGE_BSU
080 _a82-95(44)
245 _aLa poetique du roman
260 _c1997
300 _a190c.
541 _h6Gel.
653 _aLa poetique du roman
942 _cBK
999 _c35605
_d35605